Kritické ochorenia a ich poistenie na Slovensku diplomová práca

Guardado en:
Detalles Bibliográficos
Autor principal: Rakovská, Katarína
Autor Corporativo: Fakulta hospodárskej informatiky EU. Katedra matematiky a aktuárstva
Otros Autores: Škrovánková, Petra, 1981-
Formato: Libro
Lenguaje:eslovaco
Publicado: Bratislava 2015
Etiquetas: Agregar Etiqueta
Sin Etiquetas, Sea el primero en etiquetar este registro!

MARC

LEADER 00000nbm a2200000 4500
001 0201586
005 20161212112002.3
041 0 |a slo 
044 |a SK 
245 1 0 |a Kritické ochorenia a ich poistenie na Slovensku  |b diplomová práca  |c Katarína Rakovská ; školiteľ: Petra Škrovánková 
264 1 |a Bratislava  |c 2015 
300 |a 75 s. 
100 1 |a Rakovská, Katarína 
700 1 |a Škrovánková, Petra, 1981- 
710 2 |a Fakulta hospodárskej informatiky EU. Katedra matematiky a aktuárstva